5 Risposte in 15 Secondi: Capitali Asiatiche - Statistics

Statistiche generali
  • Questo quiz è stato fatto 80 volte
  • Il punteggio medio è 4 su 5
Statistiche sulle risposte
Stato Capitale % Corretto
Turchia Ankara
100%
Azerbaigian Baku
100%
Brunei Bandar Seri Begawan
100%
Thailandia Bangkok
100%
Libano Beirut
100%
Siria Damasco
100%
Timor Est Dili
100%
Qatar Doha
100%
Indonesia Giacarta
100%
Pakistan Islamabad
100%
Afghanistan Kabul
100%
Nepal Kathmandu
100%
Malesia Kuala Lumpur
100%
Kuwait Kuwait
100%
Maldive Malé
100%
Filippine Manila
100%
Russia Mosca
100%
India Nuova Delhi
100%
Cina Pechino
100%
Arabia Saudita Riad
100%
Corea del Sud Seul
100%
Iran Teheran
100%
Mongolia Ulan Bator
100%
Singapore Singapore
88%
Emirati Arabi Uniti Abu Dhabi
86%
Giordania Amman
83%
Georgia Tbilisi
83%
Turkmenistan Ashgabat
80%
Bangladesh Dacca
80%
Kazakhistan Astana
75%
Iraq Baghdad
75%
Israele Gerusalemme
75%
Corea del Nord Pyongyang
75%
Giappone Tokyo
75%
Bhutan Thimphu
67%
Bahrein Manama
60%
Cambogia Phnom Penh
60%
Yemen Sana'a
60%
Armenia Erevan
50%
Sri Lanka Sri JayawardenepuraKotte
50%
Oman Mascate
33%
Vietnam Hanoi
25%
Laos Vientiane
14%
Kirghizistan Bishkek
0%
Tagikistan Dusanbe
0%
Birmania Naypyidaw
0%
Uzbekistan Tashkent
0%
Nessun quiz corrispondente trovato
Distribuzione punteggi
Percentuale di utenti per punteggio
Percentile per numero di risposta
I tuoi punteggi nel tempo
Non hai fatto questo quiz